Man for himself : (Record no. 36176)

MARC details
000 -CABECERA
campo de control de longitud fija 00630nam a2200217 a 4500
003 - IDENTIFICADOR DEL NÚMERO DE CONTROL
campo de control MX-MxUPN
005 - FECHA Y HORA DE LA ÚLTIMA TRANSACCIÓN
campo de control 20240925065022.0
008 - ELEMENTOS DE LONGITUD FIJA--INFORMACIÓN GENERAL
campo de control de longitud fija 991125s1947 xxu r 000 0 eng d
035 ## - NÚMERO DE CONTROL DEL SISTEMA
Número de control de sistema UPN01000036176
040 ## - FUENTE DE LA CATALOGACIÓN
Centro catalogador/agencia de origen MX-MxUPN
Lengua de catalogación spa
Centro/agencia transcriptor MX-MxUPN
041 0# - CÓDIGO DE IDIOMA
Código de lengua del texto/banda sonora o título independiente eng
050 14 - SIGNATURA TOPOGRÁFICA DE LA BIBLIOTECA DEL CONGRESO
Número de clasificación BJ45
Número de documento/Ítem F75
100 1# - ASIENTO PRINCIPAL--NOMBRE PERSONAL
Nombre de persona Fromm, Erich,
Fechas asociadas al nombre 1900-1980
9 (RLIN) 28370
245 10 - MENCIÓN DE TÍTULO
Título Man for himself :
Resto del título an inquiry into the psychology of ethics
260 ## - PUBLICACIÓN, DISTRIBUCIÓN, ETC.
Lugar de publicación, distribución, etc. Estados Unidos :
Nombre del editor, distribuidor, etc. Fawcett Premier Book,
Fecha de publicación, distribución, etc. 1947.
300 ## - DESCRIPCIÓN FÍSICA
Extensión 256 páginas
490 0# - MENCIÓN DE SERIE
Mención de serie Fawcett world library. Psychology
650 #4 - ASIENTO SECUNDARIO DE MATERIA - TERMINO TEMATICO
Término de materia o nombre geográfico como elemento de entrada Ética
9 (RLIN) 12720
650 #4 - ASIENTO SECUNDARIO DE MATERIA - TERMINO TEMATICO
Término de materia o nombre geográfico como elemento de entrada Psicología
9 (RLIN) 38
942 ## - ELEMENTOS DE PUNTO DE ACCESO ADICIONAL (KOHA)
Fuente del sistema de clasificación o colocación Library of Congress Classification
Tipo de ítem Koha Libro
Holdings
Estado de retiro Estado de pérdida Fuente del sistema de clasificación o colocación Estado dañado No para préstamo Código de colección Localización permanente Ubicación/localización actual Ubicación en estantería Fecha de adquisición Total de préstamos Clasificación Código de barras Fecha visto por última vez Tipo de ítem Koha
    Library of Congress Classification   Disponible (Previa cita) Fondo Reservado de libros Bib. Gregorio Torres Quintero Bib. Gregorio Torres Quintero Sala de Fondos Reservados Planta alta 21/08/2024 1 BJ45 F75 159772 31/12/2020 Libro